UBT Library

Pocket guide to APA style / (Record no. 45146)

000 -LEADER
fixed length control field 00991cam a2200313 a 4500
001 - CONTROL NUMBER
control field 16274166
005 - DATE AND TIME OF LATEST TRANSACTION
control field 20180315085058.0
008 - FIXED-LENGTH DATA ELEMENTS--GENERAL INFORMATION
fixed length control field 100609s2012 maua f 001 0 eng
010 ## - LIBRARY OF CONGRESS CONTROL NUMBER
LC control number 2010930337
020 ## - INTERNATIONAL STANDARD BOOK NUMBER
International Standard Book Number 9780495912637 (spiral bound)
020 ## - INTERNATIONAL STANDARD BOOK NUMBER
International Standard Book Number 0495912638 (spiral bound)
020 ## - INTERNATIONAL STANDARD BOOK NUMBER
International Standard Book Number 9781111348700 (pbk.)
020 ## - INTERNATIONAL STANDARD BOOK NUMBER
International Standard Book Number 1111348707 (pbk.)
035 ## - SYSTEM CONTROL NUMBER
System control number (OCoLC)ocn698053507
040 ## - CATALOGING SOURCE
Original cataloging agency AU@
Language of cataloging eng
Transcribing agency AU@
Modifying agency OUP
-- MNK
-- YDXCP
-- SINUS
-- S9I
-- BTCTA
-- BWX
-- INELK
-- CUI
-- BDX
-- DLC
041 ## - LANGUAGE CODE
Language code of text/sound track or separate title eng
042 ## - AUTHENTICATION CODE
Authentication code lccopycat
060 #4 - NATIONAL LIBRARY OF MEDICINE CALL NUMBER
Classification number WZ 345
Item number P4586p 2012
080 ## - UNIVERSAL DECIMAL CLASSIFICATION NUMBER
Universal Decimal Classification number 808.06615 PER
082 04 - DEWEY DECIMAL CLASSIFICATION NUMBER
Classification number 808.06615 PER
Edition number 22
100 1# - Rafti
Rafti 25
101 ## - Shkurtesa
Shkurtesa EDU
245 10 - TITLE STATEMENT
Title Pocket guide to APA style /
Statement of responsibility, etc Robert Perrin.
246 3# - VARYING FORM OF TITLE
Title proper/short title Pocket guide to American Psychological Association style
906 ## - LOCAL DATA ELEMENT F, LDF (RLIN)
a 7
b cbc
c copycat
d 2
e ncip
f 20
g y-gencatlg
942 ## - ADDED ENTRY ELEMENTS (KOHA)
Source of classification or shelving scheme
Item type Books
Holdings
Withdrawn status Lost status Source of classification or shelving scheme Damaged status Not for loan Collection code Permanent location Current location Shelving location Date acquired Total Checkouts Full call number Barcode Date last seen Price effective from Koha item type
          Koleksioni i përgjithshem UBT - Lipjan UBT - Lipjan Koleksioni i përgjithshem 03/15/2018   808.06615 PER 002-3001676 03/15/2018 03/15/2018 Books
UBT Library © 2015-2024. All rights reserved University Education for Business and Technology